| 000 | 00599nam a22002292 4500 | ||
|---|---|---|---|
| 001 | 0000004598 | ||
| 003 | OSt | ||
| 005 | 20220210161006.0 | ||
| 008 | 070525s xx 000 0 eng d | ||
| 020 |
_a0174480198: _cKES 6,930 |
||
| 040 |
_aKABU _cKABU |
||
| 050 | 0 |
_aQH308.2 _b.R63 2014 |
|
| 100 | 1 | _aRoberts, M. B. V. | |
| 245 | 1 | 0 |
_aBiology : _ba functional approach / _cM. B. V. Roberts. |
| 250 | _a4th ed. | ||
| 260 |
_aUK _bOxford _c2014 |
||
| 300 | _ax, 693p. | ||
| 650 | 0 | _aBiology. | |
| 908 | _a070525 | ||
| 942 |
_2lcc _cBK |
||
| 999 |
_c19202 _d19201 |
||